TREATISE on Architecture :including the arts of construction, building, stone-masonry, arch, carpentry, roof, joinery, and strength of materials
Enregistré dans:
| Format: | Livre |
|---|---|
| Langue: | anglais |
| Publié: |
Cambridge University Press
2013
|
| Tags: |
Ajouter un tag
Pas de tags, Soyez le premier à ajouter un tag!
|
MARC
| LEADER | 00000nam a22000007a 4500 | ||
|---|---|---|---|
| 008 | 211027b ||||| |||| 00| 0 eng d | ||
| 020 | |a 978110062091 | ||
| 245 | |a TREATISE on Architecture |b :including the arts of construction, building, stone-masonry, arch, carpentry, roof, joinery, and strength of materials |c edited by Arthur Ashpitel |g vii,311p.:ill. | ||
| 250 | |c ASHPITEL Arthur | ||
| 260 | |b Cambridge University Press |c 2013 |h New York |i 696160 |i 696161 |l NA2520.T71 |m Architecture |m Building | ||
| 500 | |a It includes descriptions and explanations of the plates and architecture plates | ||
| 942 | |a lcc |c BK |e Kuteyi M. A. |f 27/10/2021 | ||
| 952 | |0 0 |1 0 |2 lcc |4 0 |6 NA2520 T71 |7 0 |9 3708 |a HOL |b HOL |c LP |d 2021-10-27 |l 0 |o NA2520.T71 |p 2021-67443 |r 2021-10-27 00:00:00 |w 2021-10-27 |y BK | ||
| 952 | |0 0 |1 0 |2 lcc |4 0 |7 0 |9 3709 |a HOL |b EDM |c LP |d 2021-10-27 |o NA2520.T71 |p 2021-67444 |r 2021-10-27 00:00:00 |w 2021-10-27 |y BK | ||
| 999 | |c 1847 |d 1847 | ||